[Event "Cattolica op-A 8th"]
[Site "Cattolica"]
[Date "2021.05.29"]
[Round "3"]
[White "Pasini, Nicolo"]
[Black "Dammann, Jorn"]
[Result "1/2-1/2"]
[WhiteElo "2233"]
[BlackElo "1908"]
[PlyCount "257"]
[EventDate "2021.05.27"]
[EventType "swiss"]
[EventRounds "9"]
[EventCountry "ITA"]
[SourceTitle "CBM 203 Extra"]
[Source "ChessBase"]
[SourceDate "2021.09.30"]
[SourceVersion "1"]
[SourceVersionDate "2021.09.30"]
[SourceQuality "1"]

1. c4 e6 2. g3 d5 3. Bg2 Nf6 4. b3 Be7 5. Nf3 0-0 6. 0-0 c5 7. Bb2 Nc6 8. e3 b6 9. Qe2 Ba6 10. d3 Qc7 11. Nc3 Rad8 12. Nb5 Qb8 13. Nh4 Rd7 14. f4 Rfd8 15. Rad1 Nb4 16. a3 dxc4 17. dxc4 Nd3 18. Ba1 Bxb5 19. cxb5 Qd6 20. Bf3 c4 21. bxc4 Qxa3 22. Bc6 Rc7 23. Bd4 Nb4 24. Be5 Rxd1 25. Rxd1 Rc8 26. Ra1 Qb3 27. Rxa7 Qb1+ 28. Qf1 Qxf1+ 29. Kxf1 Bc5 30. Bb7 Rd8 31. Ke2 Nc2 32. Bc7 Rf8 33. e4 Nd4+ 34. Kd3 h6 35. Ra6 Nd7 36. Ng2 Nf3 37. Ne3 Nxh2 38. Nd1 Nf1 39. Ke2 Nxg3+ 40. Kf3 Nf1 41. Nb2 Bd4 42. Na4 Nd2+ 43. Ke2 Nb3 44. Bc6 Nb8 45. Nxb6 Nxa6 46. bxa6 Bg1 47. Kf1 Bxb6 48. Bxb6 Nd2+ 49. Ke2 Nxc4 50. Bc7 Rc8 51. a7 g6 52. Kd3 Nb2+ 53. Kc3 Nd1+ 54. Kc2 Ne3+ 55. Kd3 Ng2 56. Bb8 Rxc6 57. a8Q Rc8 58. Qb7 Rd8+ 59. Ke2 g5 60. fxg5 hxg5 61. Be5 Nf4+ 62. Kf2 Nd3+ 63. Ke2 Nxe5 64. Qc7 Nc6 65. Qxc6 Kg7 66. Qc3+ Kg6 67. Qf3 f5 68. exf5+ exf5 69. Qc6+ Kh5 70. Qf6 Rg8 71. Qf7+ Rg6 72. Qh7+ Rh6 73. Qxf5 Rb6 74. Qh7+ Rh6 75. Qf7+ Kh4 76. Qf2+ Kh5 77. Qf5 Rb6 78. Qh3+ Kg6 79. Qd3+ Kh6 80. Kf3 Rf6+ 81. Kg3 Rf4 82. Qd6+ Kg7 83. Qe7+ Kg6 84. Qe5 Kh6 85. Qh8+ Kg6 86. Kg2 Rg4+ 87. Kf3 Rf4+ 88. Ke3 Kf5 89. Qh5 Kf6 90. Qh7 Rh4 91. Qg8 Rf4 92. Ke2 Kf5 93. Qf7+ Kg4 94. Qg6 Kh4 95. Ke3 Kg4 96. Qh7 Rf3+ 97. Ke2 Rf4 98. Ke1 Rf3 99. Qg6 Rf4 100. Ke2 Kh4 101. Qh6+ Kg4 102. Qh7 Rf8 103. Qd7+ Kh5 104. Qh3+ Kg6 105. Qd3+ Kh5 106. Qh7+ Kg4 107. Qh2 Rf4 108. Ke3 Kf5 109. Qh5 Kf6 110. Qh6+ Kf5 111. Qc6 Kg4 112. Qd7+ Kh5 113. Qe6 Kh4 114. Qh6+ Kg4 115. Kd3 Kf5 116. Ke2 Kg4 117. Qh7 Rf8 118. Kd2 Rf2+ 119. Kd3 Rf4 120. Ke3 Rf8 121. Ke4 Rf4+ 122. Ke5 Rf8 123. Qh2 Rf5+ 124. Ke6 Rf4 125. Qh6 Rf3 126. Qh7 Rf4 127. Qd7 Kh5 128. Qh7+ Kg4 129. Qh2 1/2-1/2

[Event "Cattolica op-A 8th"]
[Site "Cattolica"]
[Date "2021.05.28"]
[Round "2"]
[White "Dammann, Jorn"]
[Black "Sorensen, Hampus"]
[Result "1/2-1/2"]
[WhiteElo "1908"]
[BlackElo "2395"]
[PlyCount "119"]
[EventDate "2021.05.27"]
[EventType "swiss"]
[EventRounds "9"]
[EventCountry "ITA"]
[SourceTitle "CBM 203 Extra"]
[Source "ChessBase"]
[SourceDate "2021.09.30"]
[SourceVersion "1"]
[SourceVersionDate "2021.09.30"]
[SourceQuality "1"]

1. e4 e5 2. Nf3 Nc6 3. Bb5 a6 4. Ba4 Nf6 5. 0-0 b5 6. Bb3 Bc5 7. c3 d6 8. d4 Bb6 9. dxe5 Nxe5 10. Nxe5 dxe5 11. Qxd8+ Kxd8 12. Bg5 Ke7 13. a4 Bb7 14. Re1 h6 15. Bxf6+ Kxf6 16. axb5 axb5 17. Na3 Rhd8 18. Rad1 Rxd1 19. Rxd1 b4 20. Nc4 Bc5 21. cxb4 Bd4 22. Ne3 Bxe4 23. Bd5 Bxd5 24. Nxd5+ Kf5 25. Nxc7 Rb8 26. b5 Rb7 27. Rc1 e4 28. Rc2 Be5 29. Nd5 Rxb5 30. Ne3+ Ke6 31. Nc4 Bd4 32. g3 f5 33. h4 g5 34. hxg5 hxg5 35. Kg2 Rb4 36. Kf1 Kd5 37. Ne3+ Bxe3 38. fxe3 Rb3 39. Rf2 Ke5 40. Re2 Kf6 41. Kg2 Kg6 42. g4 fxg4 43. Kg3 Kf5 44. Rf2+ Ke5 45. Re2 Kd5 46. Kxg4 Kc4 47. Kxg5 Kd3 48. Rh2 Rb8 49. Kf4 Rf8+ 50. Ke5 Re8+ 51. Kd5 Rb8 52. Kc5 Rc8+ 53. Kd5 Rd8+ 54. Kc5 Kxe3 55. b4 Rc8+ 56. Kd6 Rb8 57. Kc5 Kd3 58. b5 e3 59. b6 e2 60. Rxe2 1/2-1/2